Texas Papers series of Latin America/ Institute of Latin American Studies

Gardado en:
Detalles Bibliográficos
Formato: Libro
Idioma:English
Publicado: Texas: Institute of Latin American Studies
Etiquetas: Engadir etiqueta
Sen Etiquetas, Sexa o primeiro en etiquetar este rexistro!

MARC

LEADER 00000nam a22000007a 4500
003 cru CIDCACS/IIS
005 20191209105311.0
007 ta
008 191209s txu|||p|r||||||0| ||eng|d
999 |c 42735  |d 42735 
040 |c cru CIDCACS/IIS 
090 |a REV1179 
245 1 |a Texas Papers series of Latin America/  |b Institute of Latin American Studies 
260 |a Texas:  |b Institute of Latin American Studies 
942 |2 ddc  |c PP